Statistics for Battles in Star Wars Movies

Click here to take the quiz!

General Stats

  • This quiz has been taken 29 times
  • The average score is 10 of 18

Answer Stats

HintAnswer% Correct
Episode IBattle of Naboo
95%
Episode VIBattle of Endor
91%
Episode IIBattle of Geonosis
91%
Episode VBattle of Hoth
91%
Episode IIIBattle of Coruscant
82%
Episode IVBattle of Yavin
77%
Episode VI-VIIBattle of Jakku
59%
Rogue OneBattle of Scarif
50%
Episode IIIBattle of Utapau
45%
Episode IIIBattle of Felucia
41%
Episode VIIBattle of Takodana
41%
Episode VIIIBattle of Crait
36%
Episode IXBattle of Exegol
32%
Episode IIIBattle of Mygeeto
32%
Episode IIIBattle of Kashyyyk
27%
Episode VIIBattle of Starkiller Base
27%
Episode IIIBattle of Cato Neimoidia
23%
Episode IIIBattle of Saleucami
18%

Score Distribution

Percentile by Number Answered

Percent of People with Each Score

Your Score History

You have not taken this quiz